Prueba de Belice - Estadísticas

Estadísticas generales
  • Esta prueba ha sido intentada 1.212 veces
  • La puntuación promedio es 13 de 16
Estadísticas de respuestas
Pista Respuesta % Correcto
El segundo idioma más hablado Español
97%
Países limítrofes Guatemala
97%
Idioma oficial Inglés
97%
Países limítrofes México
97%
Belice toca este mar Mar Caribe
96%
País del que Belice obtuvo su independencia en 1981 Reino Unido
93%
La antigua civilización conocida por las pirámides, los calendarios y la escritura Maya
92%
Capital Belmopán
86%
La segunda barrera de ____ más larga del mundo se encuentra en la costa de Belice. Coral
86%
Moneda de Belice Dólar
84%
La península en la que se encuentra Belice Yucatán
81%
Tipo de desastre natural que ocurrió en 1961, destruyendo tantos edificios que Belice trasladó su capital a una nueva ubicación Huracán
73%
La fruta que representa el 15% de las exportaciones de Belice Plátano
70%
Belice es el país con la sexta tasa más alta de _______, más o menos al mismo nivel que la ciudad de Detroit. Asesinato
57%
La ciudad más poblada Ciudad de Belice
49%
Un gigantesco sumidero marino que es un destino popular para los buzos Gran Agujero {Azul}
48%
No se encontraron pruebas coincidentes
Distribución de puntuación
Porcentaje de gente con cada puntuación
Porcentaje por número respondido
Historial de tus puntuaciones
No has intentado esta prueba.